Energy policy analysis and modeling / (Record no. 11903)
[ view plain ]
| 000 -LEADER | |
|---|---|
| fixed length control field | 01504cam a2200313 a 4500 |
| 001 - CONTROL NUMBER | |
| control field | 2016491 |
| 005 - DATE AND TIME OF LATEST TRANSACTION | |
| control field | 20020824204813.0 |
| 008 - FIXED-LENGTH DATA ELEMENTS--GENERAL INFORMATION | |
| fixed length control field | 911126s1993 enka b 001 0 eng |
| 010 ## - LIBRARY OF CONGRESS CONTROL NUMBER | |
| LC control number | 91042849 |
| 020 ## - INTERNATIONAL STANDARD BOOK NUMBER | |
| International Standard Book Number | 0521363268 (hardback) |
| 040 ## - CATALOGING SOURCE | |
| Original cataloging agency | DLC |
| Transcribing agency | DLC |
| Modifying agency | DLC |
| 043 ## - GEOGRAPHIC AREA CODE | |
| Geographic area code | d------ |
| 050 00 - LIBRARY OF CONGRESS CALL NUMBER | |
| Classification number | HD9502.D442 |
| Item number | M845 1993 |
| 082 00 - DEWEY DECIMAL CLASSIFICATION NUMBER | |
| Classification number | 333.79091726 |
| Edition number | 22 |
| Item number | MUH |
| 100 1# - MAIN ENTRY--PERSONAL NAME | |
| Personal name | Munasinghe, Mohan, |
| Dates associated with a name | 1945- |
| 9 (RLIN) | 6480 |
| 245 10 - TITLE STATEMENT | |
| Title | Energy policy analysis and modeling / |
| Statement of responsibility, etc | Mohan Munasinghe and Peter Meier. |
| 260 ## - PUBLICATION, DISTRIBUTION, ETC. (IMPRINT) | |
| Place of publication, distribution, etc | Cambridge [England] ; |
| -- | New York, NY, USA : |
| Name of publisher, distributor, etc | Cambridge University Press, |
| Date of publication, distribution, etc | 1993. |
| 300 ## - PHYSICAL DESCRIPTION | |
| Extent | xiv, 357 p. : |
| Other physical details | ill. ; |
| Dimensions | 24 cm. |
| 440 #0 - | |
| -- | Cambridge studies in energy and the environment |
| -- | 6481 |
| 504 ## - BIBLIOGRAPHY, ETC. NOTE | |
| Bibliography, etc | Includes bibliographical references (p. 346-354) and index. |
| 650 #0 - SUBJECT ADDED ENTRY--TOPICAL TERM | |
| Topical term or geographic name as entry element | Energy policy |
| Geographic subdivision | Developing countries |
| General subdivision | Case studies. |
| 9 (RLIN) | 6482 |
| 650 #0 - SUBJECT ADDED ENTRY--TOPICAL TERM | |
| Topical term or geographic name as entry element | Energy policy |
| Geographic subdivision | Developing countries |
| General subdivision | Mathematical models. |
| 9 (RLIN) | 6483 |
| 700 1# - ADDED ENTRY--PERSONAL NAME | |
| Personal name | Meier, Peter, |
| Dates associated with a name | 1942- |
| 9 (RLIN) | 6484 |
| 856 42 - ELECTRONIC LOCATION AND ACCESS | |
| Materials specified | Publisher description |
| Uniform Resource Identifier | <a href="http://www.loc.gov/catdir/description/cam024/91042849.html">http://www.loc.gov/catdir/description/cam024/91042849.html</a> |
| 856 41 - ELECTRONIC LOCATION AND ACCESS | |
| Materials specified | Table of contents |
| Uniform Resource Identifier | <a href="http://www.loc.gov/catdir/toc/cam028/91042849.html">http://www.loc.gov/catdir/toc/cam028/91042849.html</a> |
| 942 ## - ADDED ENTRY ELEMENTS (KOHA) | |
| Source of classification or shelving scheme | Dewey Decimal Classification |
| Item type | Book - Borrowing |
| Withdrawn status | Item status | Source of classification or shelving scheme | Damaged status | Not for loan | Vendor | Home library | Current library | Shelving location | Date acquired | Source of acquisition | Cost, normal purchase price | Total Checkouts | Full call number | Barcode | Date last seen | Date last borrowed | Koha item type |
|---|---|---|---|---|---|---|---|---|---|---|---|---|---|---|---|---|---|
| Dewey Decimal Classification | Alef-Baa | Central Library | Central Library | First floor | 21/06/2009 | 150.00 | 1 | 333.79091726 MUH | 000016826 | 15/07/2025 | 23/12/2010 | Book - Borrowing |